| 000 | 00566nam a22002057a 4500 | ||
|---|---|---|---|
| 005 | 20230724095512.0 | ||
| 008 | 170505b xxu||||| |||| 00| 0 eng d | ||
| 020 |
_a9780099539551 _c₹ 8.99 |
||
| 040 | _aLoreto College | ||
| 041 | _aEnglish | ||
| 082 |
_a920 _bDE |
||
| 100 | _aDe Waal,Edmund | ||
| 245 |
_aThe Hare with Amber Eyes _bA hidden inheritance _cDe Waal,Edmund |
||
| 260 |
_aLondon _bVintage Books _c2011 |
||
| 300 |
_a354 p. _b22cm. |
||
| 650 | _aJewish business people | ||
| 650 | _aArt-Collectors and collecting | ||
| 850 | _aLCLIB | ||
| 942 | _cBK | ||
| 999 |
_c41062 _d91541 |
||